| 000 | 00731cam a22002415a 4500 | ||
|---|---|---|---|
| 001 | 17893007 | ||
| 005 | 20160320120428.0 | ||
| 008 | 130920t2013 flua frb 001 0 eng d | ||
| 020 | _a9781842145289 | ||
| 040 |
_aDLC _beng _cDLC _dDLC _dEG-ScBUE |
||
| 082 | 0 | 4 |
_a615.907 _222 _bBAR |
| 100 | 1 |
_aBarile, Frank A. _939592 |
|
| 245 | 1 | 0 |
_aPrinciples of toxicology testing / _cFrank A. Barile. |
| 250 | _a2nd ed. | ||
| 260 |
_aBoca Raton : _bCRC Press / Taylor & Francis Group, _cc.2013. |
||
| 300 |
_axi, 354 p. : _bill. ; _c26 cm. |
||
| 500 | _aIndex : p. 331-354. | ||
| 504 | _aIncludes bibliographical references. | ||
| 650 | 7 |
_aToxicity testing. _2BUEsh _939590 |
|
| 651 | _2BUEsh | ||
| 653 |
_bPPhrm _cMarch2016 |
||
| 942 | _2ddc | ||
| 999 |
_c21446 _d21418 |
||